Animals without backbones. (Registro nro. 325253)

Detalles MARC
000 -ENCABEZADO
Número de control [NR] 00998nam a22002657a 4500
005 - FECHA Y HORA DE LA ÚLTIMA TRANSACCIÓN
control field 20250220085920.0
008 - DE LONGITUD FIJA DE DATOS DE ELEMENTOS - INFORMACIÓN GENERAL
Elementos de longitud fija [NR] 250220b ||||| |||| 00| 0 eng d
020 ## - NUMERO INTERNACIONAL NORMALIZADO PARA LIBROS [R]
Número Internacional Normalizado del libro [NR] 0226078744
040 ## - FUENTE DE CATALOGACION [NR]
Agencia de catalogación original [NR] CO-BoUCM
Quien Cataloga David Moreno
Quien Clasifica David Moreno
041 ## - CODIGO DE IDIOMA [R]
Código de idioma para texto/pista de sonido o título separado [R] Inglés
100 1# - ASIENTO PRINCIPAL--NOMBRE PERSONAL [NR]
Nombre personal [NR] Buchsbaum, Ralph
Fechas asociadas con el nombre [NR] 1907-2002
ID Autoridad 184690
245 10 - MENCION DE TITULO [NR]
Título [NR] Animals without backbones.
Mención de responsabilidad, etc. [NR] Ralph Buchsbaum, Mildred Buchsbaum, John Pearse …[and another].
250 ## - MENCION DE EDICION [NR]
Mención de edición [NR] 3a.Ed
260 ## - PUBLICACION, DISTRIBUCION, ETC. (PIE DE IMPRENTA) [R]
Lugar de publicación, distribución, etc. [R] Chicago, Illinois
Nombre del editor, distribuidor, etc. [R] University of Chicago Press
Fecha de publicación, distribución, etc. [R] 1987
300 ## - DESCRIPCION FISICA [R]
Extensión [R] x, 572 Paginas
Otros detalles físicos [NR] ilustraciones
504 ## - NOTA DE BIBLIOGRAFIA, ETC. [R]
Nota de bibliografía, etc. [NR] Incluye referencias bibliográficas e índices
650 14 - ASIENTO SECUNDARIO DE MATERIA - TERMINO TEMATICO [R]
Término temático o nombre geográfico como elemento de entrada [NR] Animales
Subdivisión general [R] Invertebrados
9 (RLIN) 178501
650 14 - ASIENTO SECUNDARIO DE MATERIA - TERMINO TEMATICO [R]
Término temático o nombre geográfico como elemento de entrada [NR] Zoología de invertebrados
Subdivisión general [R] Clasificación de invertebrados
9 (RLIN) 184691
653 ## - TERMINO DE INDIZACION - NO CONTROLADO [R]
Término de indización no controlado [R] Animales sin esqueleto óseo
700 1# - ASIENTO SECUNDARIO - NOMBRE PERSONAL [R]
Nombre personal [NR] Buchsbaum, Mildred
9 (RLIN) 184692
700 1# - ASIENTO SECUNDARIO - NOMBRE PERSONAL [R]
Nombre personal [NR] Pearse, John
9 (RLIN) 184693
700 1# - ASIENTO SECUNDARIO - NOMBRE PERSONAL [R]
Nombre personal [NR] Pearse, Vicki
9 (RLIN) 184694
942 ## - ELEMENTOS DE ENTRADA AGREGADOS (KOHA)
Sistema de clasificación DEWEY
Tema principal Ciencias aplicadas
Tipo de ítem principal el descrito en 300a Libro
Edición 3
Clasificación 592
Parte restante de la signatura top. B921a
Título oculto en OPAC No
Existencias
Total préstamos Signatura topográfica Código de barras Última vez visto Ejemplar Price effective from Tipo de ítem Nota pública (OPAC) Perdido Sistema de clasificación Dañado No prestable Tipo de ítem específico Suprimido Ubicación habitual Ubicación actual Localización Fecha de creación Forma de adquisición Costo
  592 B921a 100173627 12/12/2025 Ej.1 20/02/2025 Libro Spot Ciencias Naturales   DEWEY     Libro   Quinta de Mutis Quinta de Mutis 3er piso 20/02/2025 Compra 215600.00